• AIU
  • Tony Wilmot Memorial Library

Cisco cookbook / (Record no. 58726)

MARC details
000 -LEADER
fixed length control field 01480cam a22003737a 4500
001 - CONTROL NUMBER
control field 13620270
003 - CONTROL NUMBER IDENTIFIER
control field OSt
005 - DATE AND TIME OF LATEST TRANSACTION
control field 20160301020003.0
008 - FIXED-LENGTH DATA ELEMENTS--GENERAL INFORMATION
fixed length control field 040609s2003 cc a 001 0 eng d
010 ## - LIBRARY OF CONGRESS CONTROL NUMBER
LC control number 2004555001
020 ## - INTERNATIONAL STANDARD BOOK NUMBER
International Standard Book Number 0596003676
035 ## - SYSTEM CONTROL NUMBER
System control number (OCoLC)ocm52856076
040 ## - CATALOGING SOURCE
Original cataloging agency WIY
Transcribing agency WIY
Modifying agency OCLCQ
-- DLC
042 ## - AUTHENTICATION CODE
Authentication code lccopycat
050 00 - LIBRARY OF CONGRESS CALL NUMBER
Classification number TK5105.543
Item number .D66 2003
082 00 - DEWEY DECIMAL CLASSIFICATION NUMBER
Classification number 004.6
Edition number 22
100 1# - MAIN ENTRY--PERSONAL NAME
Personal name Dooley, Kevin.
9 (RLIN) 25552
245 10 - TITLE STATEMENT
Title Cisco cookbook /
Statement of responsibility, etc Kevin Dooley and Ian J. Brown.
250 ## - EDITION STATEMENT
Edition statement 1st ed.
260 ## - PUBLICATION, DISTRIBUTION, ETC. (IMPRINT)
Place of publication, distribution, etc Beijing ;
-- Sebastopol, CA :
Name of publisher, distributor, etc O'Reilly,
Date of publication, distribution, etc c2003.
300 ## - PHYSICAL DESCRIPTION
Extent xix, 885 p. :
Other physical details ill. ;
Dimensions 24 cm.
500 ## - GENERAL NOTE
General note Includes index.
500 ## - GENERAL NOTE
General note "Field-tested solutions to Cisco router problems"--Cover.
650 #0 - SUBJECT ADDED ENTRY--TOPICAL TERM
Topical term or geographic name as entry element Routers (Computer networks)
9 (RLIN) 25553
650 #0 - SUBJECT ADDED ENTRY--TOPICAL TERM
Topical term or geographic name as entry element Computer network protocols.
9 (RLIN) 25554
650 #0 - SUBJECT ADDED ENTRY--TOPICAL TERM
Topical term or geographic name as entry element Internetworking (Telecommunication)
9 (RLIN) 25555
700 1# - ADDED ENTRY--PERSONAL NAME
Personal name Brown, Ian J.
9 (RLIN) 25556
856 42 - ELECTRONIC LOCATION AND ACCESS
Materials specified Contributor biographical information
Uniform Resource Identifier <a href="http://www.loc.gov/catdir/enhancements/fy0915/2004555001-b.html">http://www.loc.gov/catdir/enhancements/fy0915/2004555001-b.html</a>
856 42 - ELECTRONIC LOCATION AND ACCESS
Materials specified Publisher description
Uniform Resource Identifier <a href="http://www.loc.gov/catdir/enhancements/fy0915/2004555001-d.html">http://www.loc.gov/catdir/enhancements/fy0915/2004555001-d.html</a>
856 41 - ELECTRONIC LOCATION AND ACCESS
Materials specified Table of contents only
Uniform Resource Identifier <a href="http://www.loc.gov/catdir/enhancements/fy1010/2004555001-t.html">http://www.loc.gov/catdir/enhancements/fy1010/2004555001-t.html</a>
906 ## - LOCAL DATA ELEMENT F, LDF (RLIN)
a 7
b cbc
c copycat
d 2
e ncip
f 20
g y-gencatlg
942 ## - ADDED ENTRY ELEMENTS (KOHA)
Source of classification or shelving scheme Library of Congress Classification
Koha item type Books
Koha issues (borrowed), all copies 1
Holdings
Withdrawn status Lost status Source of classification or shelving scheme Damaged status Not for loan Collection code Home library Current library Shelving location Date acquired Source of acquisition Cost, normal purchase price Total Checkouts Total Renewals Full call number Barcode Date last seen Date checked out Copy number Price effective from Koha item type
    Library of Congress Classification     General Circulation AIU/NEGST - Tony Wilmot Memorial Library AIU/NEGST - Tony Wilmot Memorial Library General Stacks 02/24/2014 donation 50.00 3 1 TK 5105.543 .D66 2003 R28613Y3232 03/03/2022 03/01/2022 1 02/24/2014 Books